Municipalities of Marche (with a map) - Statistics

General Stats
  • This quiz has been taken 330 times
  • The average score is 44 of 225
Answers on the Map
Answers color-coded by a green-red scale on the quiz's map according to % correct below.
 
Answer Stats
Comune % Correct
Ancona
96%
Ascoli Piceno
94%
Pesaro
94%
Macerata
93%
Urbino
93%
Fermo
91%
Fano
83%
San Benedetto del Tronto
81%
Jesi
79%
Civitanova Marche
76%
Fabriano
73%
Porto Recanati
73%
Osimo
71%
Recanati
71%
Loreto
70%
Falconara Marittima
67%
Senigallia
66%
Numana
60%
Porto Sant'Elpidio
60%
Camerino
56%
Grottammare
56%
Porto San Giorgio
56%
Arquata del Tronto
52%
Fossombrone
52%
San Severino Marche
50%
Urbania
50%
Cagli
48%
Sirolo
48%
Tavullia
48%
Castelfidardo
47%
Corridonia
44%
Montegranaro
44%
Treia
44%
Camerano
42%
Chiaravalle
42%
Cingoli
42%
Gabicce Mare
42%
Cupra Marittima
41%
Tolentino
41%
Corinaldo
40%
Grottazzolina
40%
Monteprandone
39%
Sant'Elpidio a Mare
39%
Cupramontana
36%
Montegiorgio
36%
Offida
36%
Potenza Picena
36%
Serravalle di Chienti
34%
Genga
33%
Matelica
33%
Filottrano
32%
Monte Urano
28%
Montemarciano
27%
Carpegna
23%
Offagna
23%
Mondolfo
22%
Gradara
21%
Pedaso
21%
Ripatransone
21%
Acquasanta Terme
19%
Castel di Lama
19%
Amandola
17%
Comunanza
17%
Ostra
17%
Appignano
15%
Fiastra
15%
Pergola
15%
Ussita
15%
Vallefoglia
15%
Acquaviva Picena
14%
Montefiore dell'Aso
14%
Sassoferrato
14%
Acqualagna
13%
Castelraimondo
13%
Castelsantangelo sul Nera
13%
Folignano
13%
Montalto delle Marche
13%
Montemonaco
13%
Servigliano
13%
Venarotta
13%
Visso
13%
Arcevia
12%
Esanatoglia
12%
Massignano
12%
Mercatello sul Metauro
12%
Monsampolo del Tronto
12%
Piobbico
12%
Spinetoli
12%
Altidona
11%
Campofilone
11%
Castignano
11%
Castorano
11%
Colli del Tronto
11%
Lapedona
11%
Lunano
11%
Maltignano
11%
Montecosaro
11%
Montelupone
11%
Ostra Vetere
11%
San Ginesio
11%
Urbisaglia
11%
Belforte del Chienti
10%
Carassai
10%
Force
10%
Macerata Feltria
10%
Montecassiano
10%
Morrovalle
10%
Muccia
10%
Polverigi
10%
Sarnano
10%
Agugliano
9%
Apecchio
9%
Apiro
9%
Cantiano
9%
Castelplanio
9%
Cossignano
9%
Fermignano
9%
Frontino
9%
Gualdo
9%
Montefano
9%
Monterubbiano
9%
Monte Vidon Combatte
9%
Pieve Torina
9%
Roccafluvione
9%
San Lorenzo in Campo
9%
Sant'Angelo in Vado
9%
Appignano del Tronto
8%
Camerata Picena
8%
Mondavio
8%
Montappone
8%
Montedinove
8%
Montefortino
8%
Montelparo
8%
Monte Vidon Corrado
8%
Petritoli
8%
Rotella
8%
Serra de' Conti
8%
Barbara
7%
Belforte all'Isauro
7%
Bolognola
7%
Borgo Pace
7%
Caldarola
7%
Cerreto d'Esi
7%
Falerone
7%
Maiolati Spontini
7%
Montecarotto
7%
Montegallo
7%
Monte San Giusto
7%
Monte San Pietrangeli
7%
Montottone
7%
Moresco
7%
Morro d'Alba
7%
Penna San Giovanni
7%
Pollenza
7%
Belvedere Ostrense
6%
Fiuminata
6%
Fratte Rosa
6%
Frontone
6%
Loro Piceno
6%
Mercatino Conca
6%
Montefalcone Appennino
6%
Monte San Martino
6%
Ortezzano
6%
Pioraco
6%
Rosora
6%
Sefro
6%
Serrapetrona
6%
Staffolo
6%
Belmonte Piceno
5%
Cessapalombo
5%
Colli al Metauro
5%
Francavilla d'Ete
5%
Massa Fermana
5%
Mergo
5%
Mogliano
5%
Mombaroccio
5%
Monsano
5%
Monte Cavallo
5%
Monte Giberto
5%
Monte Grimano Terme
5%
Montelabbate
5%
Monte Porzio
5%
Monte Rinaldo
5%
Piandimeleto
5%
Poggio San Vicino
5%
Ponzano di Fermo
5%
Rapagnano
5%
San Costanzo
5%
San Marcello
5%
Santa Maria Nuova
5%
Sassocorvaro Auditore
5%
Serra San Quirico
5%
Smerillo
5%
Tavoleto
5%
Trecastelli
5%
Colmurano
4%
Magliano di Tenna
4%
Monte Cerignone
4%
Monte Roberto
4%
Monte San Vito
4%
Palmiano
4%
Petriolo
4%
Ripe San Ginesio
4%
Santa Vittoria in Matenano
4%
Serra Sant'Abbondio
4%
Camporotondo di Fiastrone
3%
Cartoceto
3%
Castelbellino
3%
Castelleone di Suasa
3%
Gagliole
3%
Isola del Piano
3%
Monsampietro Morico
3%
Montecalvo in Foglia
3%
Montefelcino
3%
Monteleone di Fermo
3%
Petriano
3%
Pietrarubbia
3%
Poggio San Marcello
3%
San Paolo di Jesi
3%
Sant'Angelo in Pontano
3%
Sant'Ippolito
3%
Torre San Patrizio
3%
Valfornace
3%
Peglio
2%
Terre Roveresche
2%
No matching quizzes found
Score Distribution
Percent of People with Each Score
Percentile by Number Answered
Your Score History
You have not taken this quiz